MARC

LEADER 00000nam0a2200000 4500
001 261769
005 20231101233607.0
035 |a (RuTPU)RU\TPU\book\284750 
090 |a 261769 
100 |a 20140527d1987 k y0rusy50 ca 
101 0 |a rus 
102 |a RU 
105 |a a z 001zy 
200 1 |a Геосинклинальные осадочно-вулканогенные формации советского Дальнего Востока  |e сборник научных трудов  |f Академия наук СССР (АН СССР), Дальневосточное отделение (ДВО), Дальневосточный геологический институт ; под ред. П. В. Маркевича, Е. А. Киреева 
210 |a Владивосток  |c Изд-во ДВО АН СССР  |d 1987 
215 |a 156 с.  |c ил. 
320 |a Библиография в конце статей 
606 1 |a Геологические формации, вулканогенно-осадочные  |2 stltpush  |3 (RuTPU)RU\TPU\subj\6083  |9 34043 
610 1 |a геосинклиналии 
610 1 |a геосинклинальное складкообразование 
610 1 |a Дальний Восток 
610 1 |a осадконакопление 
610 1 |a Сихотэ-Алинь 
610 1 |a песчано-гравийные породы 
610 1 |a вулканические процессы 
675 |a 551.263.03  |v 3 
702 1 |a Маркевич  |b П. В.  |4 340 
702 1 |a Киреев  |b Е. А.  |4 340 
712 0 2 |a Академия наук СССР (АН СССР)  |b Дальневосточное отделение (ДВО)  |b Дальневосточный геологический институт  |2 stltpush  |3 (RuTPU)RU\TPU\col\13467 
801 1 |a RU  |b 63413507  |c 20140527 
801 2 |a RU  |b 63413507  |c 20150506  |g RCR 
942 |c BK